000 00954nam a22002297a 4500
999 _c65048
_d65048
005 20240530110804.0
008 190115s2014 ua a g 000 0 ara d
017 _a2013/11793
_bمصر. دار الكتب
020 _a9789774383887
040 _aEG-CaGPL
_cEG-CaGPL
082 0 4 _221
_a415.2 \
_bخ إ
100 0 _aخيرالدين فتاح عيسى القاسمى
245 1 2 _aالاعتدال والتحرر الفكرى فى الاراء النحوية :
_bويليهما بحث فى قيم التعايش فى الفكر النحوى /
_cخيرالدين فتاح عيسى القاسمى
250 _aط.1
260 _aالقاهرة :
_bالمكتب الجامعى الحديث ،
_c2014 .
300 _a111 ص. :
_bايض ؛
_c24 سم.
504 _aيشتمل على ارجاعات ببليوجرافية
650 0 7 _2qrmak
_aالنحو والصرف
651 _2qrmak
942 _2ddc
_cBK